000 00718cab a2200253 4500
001 ABS59460
008 090401t1998 xxu||||| |||| 00| 0 eng d
035 _a(Sirsi) u89216
041 _aeng
100 _aTirado, I.
245 _aLife with EMU
260 _c1998
350 _a0
490 _aBuilding
_v268(8058) 2 October 1998, 85(1)
520 _aExamines the likely economic effects of the Euro on banking and shareholding practice, and how these might affect the UK construction market.
650 _aBANKING
650 _aCONSTRUCTION MARKET
650 _aEURO
650 _aEUROPEAN UNION
650 _aSINGLE CURRENCY
690 _aEUROPE-SINGLE MARKET
942 _n0
948 _c23/10/1998
999 _c56426
_d56426